[Event "Porz op29"]
[Site "Porz"]
[Date "1993.??.??"]
[Round "7"]
[White "Jankovskis, Guntis"]
[Black "Giese, Reinhard"]
[Result "1-0"]
[WhiteElo "2310"]
[BlackElo "2170"]

1.d4 d5 2.c4 c6 3.Nc3 a6 4.Nf3 Nf6 5.Bg5 Ne4 6.e3 Bg4 7.Bh4 Qa5 8.Qb3 b5
9.cxd5 cxd5 10.Ne5 Be6 11.Rc1 g5 12.Bg3 Bg7 13.Nd3 Nd7 14.f3 Nxc3 15.Qxc3 Qxc3+
16.Rxc3 O-O 17.Be2 Rfc8 18.Rxc8+ Rxc8 19.Kd2 Bf5 20.Rc1 Rxc1 21.Kxc1 Bxd3
22.Bxd3 e5 23.Bf5 Nb6 24.Bxe5 Nc4 25.Bxg7 Nxe3 26.Bc8 Kxg7 27.Bxa6 b4 28.g4 f5
29.Kd2 f4 30.Bd3 h6 31.a4 bxa3 32.bxa3 Kf6 33.Kc3 Ke6 34.Kb4 Kd6 35.Kb5 Ng2
36.Bc2 Nh4 37.Bd1 Ng6 38.a4 Nf8 39.Kb6 Ne6 40.a5 Nxd4 41.a6 Ne6 42.a7 Nc7
43.Kb7 d4 44.Bc2 Kd7 45.h3 Kd6 46.Bf5  1-0

[Event "Ramat Hasharon"]
[Site "Ramat Hasharon"]
[Date "1993.??.??"]
[Round "1"]
[White "Rossiter, Philip J"]
[Black "Timanin, Boris"]
[Result "1-0"]
[WhiteElo "2270"]
[BlackElo "2355"]

1.d4 d5 2.c4 c6 3.Nf3 Nf6 4.Nc3 a6 5.cxd5 cxd5 6.Ne5 e6 7.Bf4 Nbd7 8.e3 Nxe5
9.dxe5 Nd7 10.Bd3 Bb4 11.Rc1 Nc5 12.Bb1 Bd7 13.O-O Bxc3 14.Rxc3 Na4 15.Rc2 h6
16.e4 Nb6 17.Be3 dxe4 18.Qg4 g6 19.Qxe4 Nd5 20.Bc5 Bc6 21.f3 Qg5 22.Qd4 Qf4
23.Qf2 h5 24.Re1 h4 25.Rd2 Qg5 26.Be4 Rd8 27.Red1 Rh5 28.f4 Qh6 29.Ba3 f6
30.Qc5 Rd7 31.Bxg6+ Kd8 32.Bxh5 Qxh5 33.Qa7 Ke8 34.exf6 Qh6 35.Qb8+ Kf7 36.Qe5 Qg6
37.Re1 Qxf6 38.Qxf6+ Kxf6 39.b3 Rh7 40.Rde2 Bd7 41.Bb2+ Kg6 42.Bc1 Ne7 43.Rxe6+ Bxe6
44.Rxe6+ Kf5 45.Re5+ Kg6 46.Rg5+ Kf7 47.Kf2 Rh6 48.Be3 Rd6 49.Rh5 Rd1 50.Rxh4 Ra1
51.Rh7+ Ke6 52.a4 Rb1 53.Rh6+ Kd5 54.Rh5+ Kc6 55.Rc5+ Kd6 56.Rc3 Nd5 57.Rd3 Ke6
58.Bd2 Rd1 59.f5+  1-0

[Event "Rishon Le Ziyyon"]
[Site "Rishon Le Ziyyon"]
[Date "1993.??.??"]
[Round "4"]
[White "Grivas, Efstratios"]
[Black "Rotman, Daniel"]
[Result "0-1"]
[WhiteElo "2505"]
[BlackElo "2205"]

1.d4 d5 2.c4 c6 3.Nf3 Nf6 4.Nc3 a6 5.a4 e6 6.e3 Bb4 7.Bd3 O-O 8.O-O Nbd7
9.Bd2 b6 10.Nxd5 Bxd2 11.Nxf6+ Nxf6 12.Qxd2 c5 13.Rfd1 Bb7 14.Qe2 Qc7 15.Ne5 Rfd8
16.b3 a5 17.Qb2 Rd6 18.Be2 Rad8 19.dxc5 Qxc5 20.Rxd6 Qxd6 21.h3 Qb4 22.Nd3 Qe7
23.Rd1 Ne4 24.Ne5 f6 25.Rxd8+ Qxd8 26.Nd3 Nc5 27.Qc3 Be4 28.Nc1 e5 29.f3 Bc6
30.Bd3 Qd6 31.Bc2 g6 32.Kf2 Kf7 33.Nd3 Qd8 34.Ke2 e4 35.Nxc5 exf3+ 36.gxf3 bxc5
37.Be4 Bxe4 38.fxe4 Qc7 39.Qd2 Qh2+ 40.Kd3 Qd6+ 41.Kc2 Qxd2+ 42.Kxd2 Ke6
43.Ke2 Ke5 44.Kf3 h5 45.Kf2 Kxe4 46.Ke2 g5  0-1

[Event "ROM-chT"]
[Site "ROM"]
[Date "1993.??.??"]
[Round "6"]
[White "Zamfirescu, Bogdan"]
[Black "Dominte, Marian"]
[Result "1-0"]
[WhiteElo "2250"]
[BlackElo "2350"]

1.d4 d5 2.Nf3 Nf6 3.c4 c6 4.Nc3 a6 5.Qb3 e6 6.Bf4 b5 7.cxd5 cxd5 8.Rc1 Nbd7
9.e3 Qa5 10.Bd3 Be7 11.O-O O-O 12.Ne2 Qb6 13.Rc2 Bb7 14.Rfc1 Rfc8 15.Ne5 Rxc2
16.Rxc2 Nxe5 17.Bxe5 Ne8 18.Rc1 h6 19.Bb1 g6 20.Qd3 f5 21.Nf4 Kf7 22.g4 Rc8
23.Rxc8 Bxc8 24.gxf5 exf5 25.Nxd5 Qc6 26.Bc2 Bb7 27.Bb3 Kf8 28.Qc3 Qxc3 29.bxc3 Ba3
30.Nf4 Ke7 31.Nxg6+ Kd7 32.Bf4 Nd6 33.Ne5+ Kc7 34.c4  1-0

[Event "Rostov op"]
[Site "Rostov"]
[Date "1993.??.??"]
[Round "?"]
[White "Poluljahov, Aleksandr"]
[Black "Moskalenko, Viktor"]
[Result "0-1"]
[WhiteElo "2515"]
[BlackElo "2555"]

1.Nf3 d5 2.d4 c6 3.c4 Nf6 4.Nc3 a6 5.e3 b5 6.b3 Bg4 7.h3 Bxf3 8.Qxf3 e5 9.dxe5 Bb4
10.Bd2 Bxc3 11.Bxc3 Ne4 12.Bb4 bxc4 13.bxc4 Qb6 14.a3 a5 15.cxd5 cxd5 16.Bd6 Qb2
17.Rd1 Qc3+ 18.Ke2 Nd7 19.Rxd5 Qc4+ 20.Rd3 Rc8 21.Ke1 Qc1+ 22.Rd1 Qc3+ 23.Ke2 Rc4
24.g4 Nxe5 25.Bxe5 Qxe5 26.Rd4 Qe6 27.Bg2 Ng3+ 28.Kd3 Rxd4+ 29.Kxd4 Qd7+
30.Kc5 Nxh1 31.Qa8+ Qd8 32.Bc6+ Ke7 33.Qb7+ Kf8 34.Bxh1 Qe7+ 35.Qxe7+ Kxe7
36.Kb5 Rd8 37.Kxa5 Rd2  0-1

[Event "Stockerau"]
[Site "Stockerau"]
[Date "1993.??.??"]
[Round "1"]
[White "Polak, Tomas"]
[Black "Rogozenko, Dorin"]
[Result "1/2-1/2"]
[WhiteElo "2410"]
[BlackElo "2500"]

1.d4 d5 2.c4 c6 3.Nf3 Nf6 4.Nc3 a6 5.e3 b5 6.b3 Bg4 7.Be2 e6 8.O-O Nbd7 9.h3 Bh5
10.Ne5 Bxe2 11.Nxe2 dxc4 12.Nxd7 Qxd7 13.bxc4 c5 14.Bb2 cxd4 15.Bxd4 bxc4
16.Qc2 Be7 17.Qxc4 O-O 18.Rab1 Rfc8 19.Qb3 Qb5 20.Nc3 Qxb3 21.Rxb3 a5 22.Rb7 Bb4  1/2-1/2

[Event "SWZ-chT"]
[Site "?"]
[Date "1993.??.??"]
[Round "?"]
[White "Hort, Vlastimil"]
[Black "Siegel, Georg"]
[Result "1-0"]
[WhiteElo "2545"]
[BlackElo "2285"]

1.d4 Nf6 2.c4 c6 3.Nc3 d5 4.Nf3 a6 5.c5 g6 6.Bf4 Bg7 7.h3 Nbd7 8.e3 b6 9.cxb6 Qxb6
10.Qd2 a5 11.Bd3 Ba6 12.O-O Bxd3 13.Qxd3 a4 14.Rab1 O-O 15.b3 axb3 16.Rxb3 Qa6
17.Qxa6 Rxa6 18.Rb7 Rd8 19.Rfb1 Bf8 20.Ne5 Nxe5 21.Bxe5 Ne4 22.Nxe4 dxe4
23.R7b6 Rxa2 24.Rxc6 Ra7 25.g4 f6 26.Bb8 Ra8 27.Bg3 Kf7 28.Rbb6 Rd5 29.Re6 f5
30.Be5 Ra2 31.Rec6 Rda5 32.gxf5 gxf5 33.Rb7 Ra6 34.d5 R2a5 35.Bd4 Bh6 36.Rxa6 Rxa6
37.Bc5 Bg5 38.d6 Ke6 39.d7  1-0

[Event "SWZ-chT"]
[Site "?"]
[Date "1993.??.??"]
[Round "?"]
[White "Sutter, Oliver"]
[Black "Hofmann, Michael"]
[Result "1/2-1/2"]
[WhiteElo "2245"]
[BlackElo "2250"]

1.d4 d5 2.c4 c6 3.Nf3 Nf6 4.Nc3 a6 5.e3 Bf5 6.cxd5 cxd5 7.Qb3 b5 8.a4 b4
9.Na2 e6 10.Bd2 Nc6 11.a5 Qxa5 12.Rc1 Kd7 13.Rxc6 Kxc6 14.Ne5+ Kb7 15.Nxb4 Bxb4
16.Bxb4 Bc2 17.Bxa5+ Bxb3 18.Nxf7 Rhf8 19.Ng5 Rac8 20.Nxe6 Rc1+ 21.Kd2 Rc2+
22.Ke1 Rc1+ 23.Kd2 Rc2+ 24.Ke1  1/2-1/2

[Event "SWZ-GP Wohlen"]
[Site "Wohlen"]
[Date "1993.??.??"]
[Round "8"]
[White "Nemet, Ivan"]
[Black "Gavrikov, Viktor"]
[Result "1/2-1/2"]
[WhiteElo "2415"]
[BlackElo "2575"]

1.d4 d5 2.Nf3 Nf6 3.c4 c6 4.Nc3 a6 5.cxd5 cxd5 6.Bf4 Nc6 7.e3 Bg4 8.Be2 e6
9.O-O Be7 10.Ne5 Nxe5 11.Bxe5 Bxe2 12.Qxe2 O-O 13.Rfc1  1/2-1/2

[Event "Aschach op"]
[Site "Aschach"]
[Date "1994.??.??"]
[Round "?"]
[White "Bandza, Algirdas"]
[Black "Hinterberger, Werner"]
[Result "1-0"]
[WhiteElo "2355"]
[BlackElo "2170"]

1.Nf3 d5 2.d4 Nf6 3.c4 c6 4.Nc3 a6 5.e3 b5 6.b3 Bg4 7.Be2 e6 8.O-O Bd6 9.h3 Bh5
10.Bb2 O-O 11.Ne5 Bxe2 12.Nxe2 Nfd7 13.Nf4 Qe7 14.cxd5 cxd5 15.Rc1 Nxe5 16.dxe5 Ba3
17.Bxa3 Qxa3 18.Qg4 Qb2 19.Nxe6 fxe6 20.Qxe6+ Kh8 21.Rc8 Nd7 22.Rxa8 Rxa8
23.Qxd7 Qxe5 24.Rd1  1-0

[Event "AUT-ch"]
[Site "Austria"]
[Date "1994.??.??"]
[Round "3"]
[White "Freitag, Manfred"]
[Black "Waller, Helmut"]
[Result "0-1"]
[WhiteElo "2285"]
[BlackElo "2150"]

1.d4 d5 2.c4 c6 3.Nc3 Nf6 4.Nf3 a6 5.g3 dxc4 6.Bg2 b5 7.Ne5 Bb7 8.a4 Qb6
9.O-O e6 10.b3 Nd5 11.Ne4 cxb3 12.Qxb3 Be7 13.Ba3 b4 14.Bb2 a5 15.Nc5 Bxc5
16.dxc5 Qd8 17.Rfd1 Qe7 18.e4 Nf6 19.Rd6 O-O 20.Rad1 Ra7 21.Qe3 h6 22.g4 Ba6
23.g5 hxg5 24.Qxg5 Nd5 25.Qxe7 Nxe7 26.Rd8 Nc8 27.Ng4 f6 28.Bh3 Rxd8 29.Rxd8+ Kf7
30.Bf1 Rc7 31.Ne3 Bxf1 32.Kxf1 Nd7 33.Nc4 Nxc5 34.Rxc8 Rxc8 35.Nd6+ Kg6 36.Nxc8 Nxa4
37.Bc1 b3 38.Ne7+ Kh5 39.Nxc6 b2 40.Bxb2 Nxb2 41.Nxa5 Kg4 42.Kg2 Kf4 43.f3 Nd3
44.Nc6 Ne1+ 45.Kh3 Nxf3 46.Nd8 Nd4 47.Kh4 Kxe4 48.Kh5 Kf5 49.Nf7 Nc6 50.Nh8 e5
51.Ng6 Ke6 52.Kg4 Nd4 53.h4 f5+ 54.Kg3 Kf6 55.Nf8 Nc6 56.Kf3 Ke7  0-1

[Event "AUT-chT"]
[Site "?"]
[Date "1994.??.??"]
[Round "?"]
[White "Farago, Ivan"]
[Black "Tolnai, Tibor"]
[Result "1-0"]
[WhiteElo "2540"]
[BlackElo "2490"]

1.d4 d5 2.c4 c6 3.Nf3 Nf6 4.Nc3 a6 5.Ne5 Nbd7 6.g3 e6 7.Bg2 Nxe5 8.dxe5 Nd7
9.cxd5 cxd5 10.e4 d4 11.Qxd4 Bc5 12.Qd1 Nxe5 13.Qxd8+ Kxd8 14.Ke2 Bd7 15.Rd1 Ke7
16.f4 Nc6 17.Be3 Bxe3 18.Kxe3 Rhd8 19.e5 Be8 20.Rac1 Rxd1 21.Nxd1 Rc8 22.Nf2 Bd7
23.Nd3 b6 24.b3 h6 25.Bf3 f6 26.Bxc6 Rxc6 27.Rxc6 Bxc6 28.Nb2 fxe5 29.fxe5 Bd5
30.Na4 b5 31.Nb6 Bb7 32.Kd4 Kd8 33.Kc5 Kc7 34.a4 bxa4 35.Nxa4 Bd5 36.b4 g5
37.Nc3 Bf3 38.Nb1 Be4 39.Nd2 Bd5 40.Nf1 Bf3 41.Ne3 Be2 42.Nc2 Bf3 43.Nd4 Bd5
44.b5 axb5 45.Nxb5+ Kd7 46.Nd6 Ke7 47.Kb6 Bg2 48.Kc7 Bd5 49.Nc8+ Kf7 50.Kd6 Bb3
51.Ne7 Ba2 52.Nc6 Kg6 53.Nd8 Kf5 54.Nxe6 Kg4 55.Ng7 h5 56.e6 Bb3 57.e7 Ba4
58.h3+  1-0

[Event "Belgrade Trako"]
[Site "Belgrade"]
[Date "1994.??.??"]
[Round "2"]
[White "Stamenkovic, Zoran"]
[Black "Simic, Radoslav"]
[Result "1/2-1/2"]
[WhiteElo "2405"]
[BlackElo "2495"]

1.d4 d5 2.c4 c6 3.Nf3 Nf6 4.Nc3 a6 5.c5 g6 6.Bf4 Bg7 7.h3 O-O 8.e3 Nbd7 9.Be2 Ne4
10.Nxe4 dxe4 11.Nd2 e5 12.dxe5 Nxc5 13.O-O Qe7 14.Nc4 Be6 15.Qd6 Rfe8 16.Rac1 Bxc4
17.Rxc4 Qxd6  1/2-1/2

[Event "Belgrade (Women)"]
[Site "Belgrade"]
[Date "1994.??.??"]
[Round "8"]
[White "Peng, Zhaoqin"]
[Black "Botsari Miladinovic, Anna Maria"]
[Result "1/2-1/2"]
[WhiteElo "2370"]
[BlackElo "2320"]

1.d4 d5 2.c4 c6 3.Nf3 Nf6 4.Nc3 a6 5.cxd5 cxd5 6.Bf4 Nc6 7.e3 Bf5 8.Be2 e6
9.O-O Be7 10.Nh4 Bg6 11.Rc1 Rc8 12.Qb3 Na5 13.Qa4+ Nc6 14.Nxg6 hxg6 15.a3 O-O
16.b4 Nh5 17.Be5 Nf6 18.Bg3 Nh5 19.Rc2 Nxg3 20.hxg3 Nb8 21.Rfc1 b5 22.Qb3 Qd6
23.Na2 Qd7 24.Nc3 Qb7 25.Bf3 Bg5 26.Rb1 Rfd8 27.a4 Be7 28.Be2 Nc6 29.axb5 axb5
30.Nxb5 Nxb4 31.Rcb2 Qd7  1/2-1/2

[Event "Berliner Sommer"]
[Site "Berlin"]
[Date "1994.??.??"]
[Round "?"]
[White "Timoshchenko, Gennadi A"]
[Black "Rogozenko, Dorin"]
[Result "1/2-1/2"]
[WhiteElo "2515"]
[BlackElo "2405"]

1.d4 d5 2.c4 c6 3.Nf3 Nf6 4.Nc3 a6 5.Qb3 e6 6.Bg5 dxc4 7.Qxc4 b5 8.Qb3 Nbd7
9.Rd1 Qc7 10.g3 c5 11.Bxf6 Nxf6 12.Bg2 Bb7 13.O-O Be7 14.dxc5 Bxc5 15.Ne1 Bxg2
16.Kxg2 O-O 17.Nd3 Bd4 18.Rc1 Qb7+ 19.Kg1 h5 20.e3 Bb6 21.Qd1 h4 22.Qe2 hxg3
23.hxg3 g6 24.Rfd1 Kg7 25.Ne5 Ba5 26.Qf3 Qxf3 27.Nxf3 Rfd8 28.Rxd8 Rxd8 29.Ne2 Ne4
30.Ned4 Rd6 31.Kf1 f5 32.Rc8 Bb6 33.Ke2 g5 34.Nb3 Bd8 35.Ne5 Kf6 36.Nd3 g4
37.Nbc5 Nxc5 38.Nxc5 Bb6 39.b4 Bxc5 40.Rxc5 e5  1/2-1/2

[Event "Biel op"]
[Site "Biel"]
[Date "1994.??.??"]
[Round "2"]
[White "Khenkin, Igor"]
[Black "Seul, Georg"]
[Result "1/2-1/2"]
[WhiteElo "2580"]
[BlackElo "2435"]

1.d4 d5 2.Nf3 Nf6 3.c4 c6 4.Nc3 a6 5.c5 Nbd7 6.h3 Qc7 7.g3 e5 8.Nxe5 Nxc5
9.dxc5 Qxe5 10.Bf4 Qf5 11.Qd4 Be7 12.Rc1 O-O 13.Bg2 Be6 14.O-O Rad8 15.b4  1/2-1/2

[Event "Biel op"]
[Site "Biel"]
[Date "1994.??.??"]
[Round "5"]
[White "Cvitan, Ognjen"]
[Black "Tischbierek, Raj"]
[Result "1-0"]
[WhiteElo "2585"]
[BlackElo "2525"]

1.d4 d5 2.c4 c6 3.Nf3 Nf6 4.Nc3 a6 5.c5 Nbd7 6.h3 Qc7 7.Bg5 e5 8.e3 Be7 9.Be2 exd4
10.exd4 O-O 11.O-O Re8 12.Re1 Ne4 13.Nxe4 dxe4 14.Bc4 Nf6 15.Ne5 Nd5 16.Nxf7 Bxc5
17.dxc5 Qxf7 18.Bh4 Bf5 19.Qd4 Kh8 20.Rad1 Qg6 21.Bxd5 cxd5 22.Re3 Qf7 23.Rg3 Rf8
24.Bg5 Rae8 25.Bh6 Bg6 26.Be3 Rd8 27.Qb4 Rd7 28.Bd4 Kg8 29.Qb6 Rc8 30.b4 Rc6
31.Qa5 Qe7 32.a4 Qd8 33.Qxd8+ Rxd8 34.b5 Rcc8 35.h4 Rd7 36.Rc1 axb5 37.axb5 Ra8
38.c6 bxc6 39.bxc6 Rc7 40.Be5 Re7 41.Bd6 Re6 42.c7 Rc8 43.Bf4 Rf6 44.Be5 Re6
45.Bd4 Re7 46.Rgc3 Bf5 47.Rc6 Kf7 48.Kh2 Ke8 49.Kg3 Kd7 50.Kf4 Be6 51.Be5 Ke8
52.Rb6 Kf7 53.Rb8 Ree8 54.Ke3 g6 55.Kd4 Ke7 56.Rc6 Kf7 57.Bf4 Ke7 58.Rd6 Rf8
59.Be5 Bd7 60.Rxd5 Rxf2 61.Rxc8 Rd2+ 62.Kxe4 Bf5+ 63.Kf4 Rxd5 64.Rd8  1-0

[Event "Biel op"]
[Site "Biel"]
[Date "1994.??.??"]
[Round "6"]
[White "Siegel, Georg"]
[Black "Seul, Georg"]
[Result "1-0"]
[WhiteElo "2385"]
[BlackElo "2435"]

1.d4 d5 2.c4 c6 3.Nf3 Nf6 4.Nc3 a6 5.c5 Nbd7 6.Bf4 Nh5 7.Bg5 h6 8.Bd2 e5
9.Nxe5 Nxe5 10.dxe5 Qe7 11.Na4 Qxe5 12.Bc3 Qe4 13.e3 Nf6 14.Qb3 Be7 15.Nb6 Rb8
16.Nxc8 Rxc8 17.Qxb7 O-O 18.Bd4 Ng4 19.f3 Bh4+ 20.Kd2 Qe6 21.fxg4 Rfe8 22.Bd3 Rb8
23.Qc7 Qxg4 24.Raf1 Bf6 25.Rxf6 Qxg2+ 26.Be2 gxf6 27.Rf1 Rb4 28.Qg3+ Qxg3
29.hxg3 Re6 30.Bxa6  1-0

[Event "Brno-C"]
[Site "Brno"]
[Date "1994.??.??"]
[Round "5"]
[White "Bagaturov, Giorgi"]
[Black "Kargoll, Boris"]
[Result "1/2-1/2"]
[WhiteElo "2500"]
[BlackElo "2280"]

1.d4 d5 2.c4 c6 3.Nf3 Nf6 4.Nc3 a6 5.a4 g6 6.e3 Bg7 7.Be2 O-O 8.O-O c5 9.dxc5 dxc4
10.Qxd8 Rxd8 11.Bxc4 Nbd7 12.Rd1 Rf8 13.e4 Nxc5 14.e5 Nfd7 15.Bg5 e6 16.Be7 Re8
17.Bd6 b6 18.b4 Nb7 19.Bc7 Ra7 20.Be2 Nd8 21.Rxd7 Bxd7 22.Bxb6 Ra8 23.Rd1 Bc6
24.b5 axb5 25.axb5 Bxf3 26.Bxf3 Rc8 27.Bd4 Rc4 28.Ne2 Rb4 29.Bb6 Rxb5 30.Bxd8 Rxe5
31.Bb6 Rc8 32.g3 Rb5 33.Be3 Rcb8 34.Rd7 h5 35.Nd4 Bxd4 36.Bxd4 Rb1+ 37.Kg2 R1b4
38.Bf6 Rc4 39.Be2 Rc6 40.Kh3 Rc2 41.Bd3 Rxf2 42.Bd4 Rd2 43.Bc3 Ra2 44.Be5 Rba8
45.Be4 Rf8 46.Bxg6 Re2 47.Bf6 fxg6 48.Rg7+ Kh8 49.Rf7+  1/2-1/2

[Event "Brno-C"]
[Site "Brno"]
[Date "1994.??.??"]
[Round "6"]
[White "Stocek, Jiri"]
[Black "Guenthner, Oliver"]
[Result "1-0"]
[WhiteElo "2350"]
[BlackElo "2330"]

1.Nf3 Nf6 2.c4 c6 3.Nc3 d5 4.d4 a6 5.c5 b5 6.cxb6 Qxb6 7.e3 Nbd7 8.Na4 Qc7
9.Bd2 e5 10.Nxe5 Nxe5 11.dxe5 Ne4 12.Bd3 Nxd2 13.Qxd2 Rb8 14.O-O Qxe5 15.Rac1 Bd7
16.Bxa6 Bd6 17.f4 Qe7 18.a3 Ra8 19.Qd3 c5 20.Nb6 c4 21.Bxc4 dxc4 22.Rxc4 Be6
23.Rd4 Rd8 24.f5 Bxf5 25.Rxf5 O-O 26.Rfd5 Bc7 27.Rxd8 Bxd8 28.Re4  1-0

[Event "Brno-C"]
[Site "Brno"]
[Date "1994.??.??"]
[Round "7"]
[White "Bagaturov, Giorgi"]
[Black "Berezjuk, Sergej"]
[Result "1-0"]
[WhiteElo "2500"]
[BlackElo "2375"]

1.d4 d5 2.c4 c6 3.Nf3 Nf6 4.Nc3 a6 5.e3 b5 6.b3 Bg4 7.Be2 Nbd7 8.O-O e6 9.h3 Bh5
10.Bb2 Bd6 11.Ne5 Bxe2 12.Nxe2 Rc8 13.a4 bxc4 14.bxc4 O-O 15.a5 Bxe5 16.dxe5 Ne4
17.f3 Nec5 18.Qc2 Rb8 19.Nd4 Qc7 20.f4 Rfc8 21.Rfc1 dxc4 22.Ba3 Nb3 23.Bd6 Nxa1
24.Qxc4 Qb7 25.Bxb8 Nxb8 26.f5 exf5 27.Nxf5 Rf8 28.Rxa1 Qd7 29.Rf1 g6 30.e6 Qxe6
31.Nh6+ Kg7 32.Rxf7+ Qxf7 33.Nxf7 Rxf7 34.Qd4+ Kg8 35.Qd8+ Rf8 36.Qc7 Re8
37.Kf2 Rf8+ 38.Ke2 Re8 39.Kd3  1-0

[Event "Bucharest-B"]
[Site "Bucharest"]
[Date "1994.??.??"]
[Round "?"]
[White "Doroshenko, Maxim"]
[Black "Urzica, Aurel"]
[Result "1/2-1/2"]
[WhiteElo "2270"]
[BlackElo "2375"]

1.d4 d5 2.Nf3 Nf6 3.c4 c6 4.Nc3 a6 5.cxd5 cxd5 6.Bf4 Nc6 7.e3 Bg4 8.Be2 Bxf3
9.gxf3 e6 10.Rg1 Bd6 11.Bg3 O-O 12.Rc1 Rc8 13.Na4 Qa5+ 14.Kf1 Bxg3 15.hxg3 Nd7
16.a3 Ne7 17.Rxc8 Rxc8 18.b4 Qc7 19.Kg2  1/2-1/2

[Event "Bucharest-B"]
[Site "Bucharest"]
[Date "1994.??.??"]
[Round "?"]
[White "Gordan, Nicolae"]
[Black "Sanduleac, Vasile"]
[Result "1-0"]
[WhiteElo "2295"]
[BlackElo "2300"]

1.d4 d5 2.c4 c6 3.Nf3 Nf6 4.Nc3 a6 5.Bg5 Ne4 6.Bh4 Nxc3 7.bxc3 dxc4 8.e3 b5
9.a4 Nd7 10.Be2 Nb6 11.Ne5 Bb7 12.Qb1 Qc8 13.f4 e6 14.O-O Nd5 15.f5 exf5
16.Rxf5 Nxc3 17.Bh5 g6 18.Qc2 Nd5 19.Rxf7 gxh5 20.Qe2 Be7 21.Qxh5 Kd8 22.e4 Nf6
23.Rxe7 Kxe7 24.Qf7+ Kd6 25.Nxc4+  1-0

[Event "Bucharest-A"]
[Site "Bucharest"]
[Date "1994.??.??"]
[Round "?"]
[White "Komarov, Dimitri"]
[Black "Nevednichy, Vladislav"]
[Result "1-0"]
[WhiteElo "2535"]
[BlackElo "2480"]

1.d4 d5 2.Nf3 Nf6 3.c4 c6 4.Nc3 a6 5.g3 b5 6.cxd5 cxd5 7.Bg2 e6 8.O-O Nbd7
9.Bf4 Be7 10.Rc1 O-O 11.a4 Qb6 12.Qd3 b4 13.Nb1 a5 14.h3 Ba6 15.Qe3 Rac8
16.Nbd2 h6 17.g4 Rc6 18.Be5 Rxc1 19.Rxc1 Rc8 20.Nb3 Rxc1+ 21.Qxc1 Bxe2 22.Qc8+  1-0

[Event "Budapest Spring op"]
[Site "Budapest"]
[Date "1994.??.??"]
[Round "1"]
[White "Vigh, Bela"]
[Black "Nemeth, Maria"]
[Result "1-0"]
[WhiteElo "2405"]
[BlackElo "2115"]

1.d4 d5 2.c4 c6 3.Nc3 Nf6 4.Nf3 a6 5.e3 b5 6.cxd5 cxd5 7.Bd3 Bg4 8.h3 Bxf3
9.Qxf3 Nc6 10.O-O e6 11.Bd2 Be7 12.Rac1 Qb6 13.Qe2 O-O 14.f4 Na5 15.b3 Ba3
16.Rcd1 Nc6 17.g4 Rac8 18.g5 Ne8 19.f5 Nxd4 20.exd4 Qxd4+ 21.Kg2 e5 22.Bb1 Rxc3
23.Bxc3 Qxc3 24.Rxd5 Qc6 25.Be4 Qc3 26.f6 g6 27.Bf3 Nc7 28.Rxe5 Rd8 29.Re3 Qc5
30.h4 Bc1 31.Re5 Qc3 32.Rd1 Rf8 33.Qe1 Qxe1 34.Rexe1 Bf4 35.Rd4 Ne6 36.Rxe6  1-0

[Event "Budapest FS11 IM-B"]
[Site "Budapest"]
[Date "1994.??.??"]
[Round "3"]
[White "Szabo, Zsolt"]
[Black "Acs, Peter"]
[Result "1/2-1/2"]
[WhiteElo "2345"]
[BlackElo "2215"]

1.d4 d5 2.c4 c6 3.Nf3 Nf6 4.Nc3 a6 5.cxd5 cxd5 6.Bf4 Nc6 7.Ne5 e6 8.e3 Nxe5
9.Bxe5 Bd6 10.f4 b5 11.Bd3 Bb7 12.O-O O-O 13.Rc1 Qe7 14.f5 exf5 15.Rxf5 Bxe5
16.Rxe5 Qd7 17.Qf3 Rae8 18.Rf1 b4 19.Ne2 Ne4 20.Bxe4 dxe4 21.Qg3 Rxe5 22.dxe5 Qd5
23.Nd4 Bc8 24.b3 Bd7 25.Rc1 Rc8 26.Rxc8+ Bxc8 27.Qh4 h6 28.Qe7 Be6 29.Qc7 a5
30.h3 Kh7 31.Kh2 Bd7 32.Kg3 Be6 33.h4 g5 34.hxg5 hxg5 35.Kf2 Kg7  1/2-1/2

[Event "Budapest FS07 IM"]
[Site "Budapest"]
[Date "1994.??.??"]
[Round "4"]
[White "Kahn, Evarth"]
[Black "Kern, Guido"]
[Result "1-0"]
[WhiteElo "2320"]
[BlackElo "2310"]

1.d4 d5 2.c4 c6 3.Nf3 Nf6 4.Nc3 a6 5.c5 Nbd7 6.g3 g6 7.Bg2 Bg7 8.O-O O-O
9.Na4 Ne4 10.Bf4 f6 11.Qb3 e5 12.Be3 Kh8 13.Rac1 Qe7 14.Rfd1 Rf7 15.Ne1 exd4
16.Bxd4 Ng5 17.Nd3 Ne6 18.Be3 f5 19.Nf4 Ne5 20.Nb6 Rb8 21.Nfxd5 cxd5 22.Bxd5 Nd8
23.Bxf7 Ndxf7 24.Nxc8 Rxc8 25.Rd5 Ng4 26.Rcd1 Rc7 27.c6 Nxe3 28.Rd7 Ng5 29.fxe3 Rxd7
30.cxd7 Qd8 31.Qxb7 Nf7 32.Qxa6 Qg5 33.Qe6 Qf6  1-0

[Event "Budapest FS10 IM-A"]
[Site "Budapest"]
[Date "1994.??.??"]
[Round "4"]
[White "Leroy, Adrien"]
[Black "Acs, Peter"]
[Result "1/2-1/2"]
[WhiteElo "2220"]
[BlackElo "2215"]

1.d4 d5 2.c4 c6 3.Nf3 Nf6 4.Nc3 a6 5.cxd5 cxd5 6.Bf4 Nc6 7.e3 e6 8.Bd3 Bd6
9.Bxd6 Qxd6 10.O-O O-O 11.Rc1 Bd7 12.a3 Na7 13.Ne5 Bb5 14.Bxb5 Nxb5 15.Nxb5 axb5
16.Qb3 b4 17.Qxb4 Qxb4 18.axb4 Rfc8 19.f3 Kf8 20.Rxc8+ Rxc8 21.Ra1 Rc7 22.b5 Nd7
23.Nxd7+ Rxd7 24.Rc1 Ke7 25.b4 Kd8 26.Kf2 Rc7 27.Rc5 b6 28.Rxc7 Kxc7 29.e4 Kd6
30.Ke3 f6 31.h4 Ke7 32.g4 Kf7 33.Kf4 Ke7 34.e5 Kf7 35.exf6 gxf6 36.Ke3 h6
37.f4 f5 38.Kf3 Kg7 39.h5 fxg4+ 40.Kxg4 Kf6 41.Kg3 Kf7 42.Kf2 Kg7 43.Kg2 Kf7
44.Kg3 Kg7 45.Kg4 Kf7 46.f5 Kf6  1/2-1/2

[Event "Budapest FS05 IM"]
[Site "Budapest"]
[Date "1994.??.??"]
[Round "5"]
[White "Hoang Than Trang"]
[Black "Dovzik, Juri"]
[Result "1/2-1/2"]
[WhiteElo "2260"]
[BlackElo "2375"]

1.d4 d5 2.c4 c6 3.Nf3 Nf6 4.Nc3 a6 5.e3 b5 6.b3 Bg4 7.Be2 Nbd7 8.O-O e6 9.h3 Bh5
10.Bb2 Be7 11.Rc1 O-O 12.Ne5 Bxe2 13.Nxe2 Nxe5 14.dxe5 Nd7 15.Nd4 Rc8 16.cxd5 cxd5
17.Qe2 Qb6 18.e4 Rxc1 19.Rxc1 Bc5 20.Rd1 dxe4 21.Qxe4 Rc8 22.b4 Bf8 23.Nf3 Qc7
24.Ng5 g6 25.Qf4 Nb6 26.Rc1 Qe7 27.Rxc8 Nxc8 28.Bd4 h6 29.Ne4 Qxb4 30.Nf6+ Kh8
31.Ne8 Kg8 32.Nf6+ Kh8 33.Nd7 Kg8 34.Nf6+ Kh8 35.Nd7 Kg8 36.Nf6+ Kh8 37.Nd7 Kg8
38.Nf6+ Kh8 39.Nd7 Kg8 40.Nf6+ Kh8 41.Nd7 Bg7 42.Qxf7 Qxd4 43.Qe8+ Kh7 44.Qxc8 Qa1+
45.Kh2 Bxe5+ 46.g3 Bg7 47.Qe8 Qd4 48.Qf7 Kh8 49.Qe8+ Kh7 50.Qf7 Kh8 51.Qe8+ Kh7
52.Qf7 Kh8  1/2-1/2

[Event "Budapest FS02 IM-A"]
[Site "Budapest"]
[Date "1994.??.??"]
[Round "5"]
[White "Schneider, Attila"]
[Black "Kargoll, Boris"]
[Result "1/2-1/2"]
[WhiteElo "2380"]
[BlackElo "2315"]

1.d4 d5 2.c4 c6 3.Nf3 Nf6 4.Nc3 a6 5.Ne5 e6 6.Bg5 Nbd7 7.Nxd7 Bxd7 8.e3 Be7
9.Rc1 b5 10.cxd5 cxd5 11.Bd3 O-O 12.O-O b4 13.Na4 Qa5 14.Nc5 Bb5 15.Bxf6 Bxf6
16.Bxb5 Qxb5 17.b3 Rfc8 18.Qd2 a5 19.Rc2 Rc6 20.Rfc1 Rac8 21.Na4 Be7 22.g3 g6
23.Rxc6 Rxc6 24.Rc2 Bd6 25.Qc1 Rxc2 26.Qxc2 Qa6 27.Kg2 Kg7 28.Nb2 Qb7 29.Nd3 Qa6
30.f3 Qb7 31.Nf2 Qc7 32.Qxc7 Bxc7 33.Kf1 Kf8 34.Ke2 Ke7 35.e4 h5 36.e5 Kd7
37.Ke3 Bb6 38.h3 Ke8 39.g4 Kf8 40.Nd3 Kg7 41.f4 hxg4 42.hxg4 Kf8 43.f5 gxf5
44.gxf5 Ke7 45.f6+ Kf8 46.Ne1 Kg8 47.Nc2 Kh7 48.Kd3 Kg6 49.a3 bxa3 50.Nxa3 Kf5
51.Nb5 Kg6 52.Kc3 Kf5 53.Nd6+ Kg6 54.Nc8 Bc7 55.Ne7+ Kg5 56.Kd3 Bb6 57.Ke3 Ba7
58.Nc8 Bb8 59.Nd6 Kg6 60.Kd3 Ba7 61.Nc8 Bb8 62.Kc3 Kf5 63.Nd6+ Kg6 64.Nb5 Kf5
65.Kd3 Kg6 66.Kc2 Kf5 67.Kc3 Ke4 68.Nd6+ Ke3 69.Nxf7 Ba7 70.Ng5 Bxd4+ 71.Kc2 Bxe5
72.f7 Bd6 73.Nxe6 d4 74.f8=Q Bxf8 75.Nxf8 d3+  1/2-1/2

[Event "Budapest FS05 IM"]
[Site "Budapest"]
[Date "1994.??.??"]
[Round "6"]
[White "Varga, Peter"]
[Black "Dovzik, Juri"]
[Result "0-1"]
[WhiteElo "2330"]
[BlackElo "2375"]

1.d4 d5 2.c4 c6 3.Nc3 Nf6 4.Nf3 a6 5.e3 b5 6.cxd5 cxd5 7.Ne5 e6 8.Bd2 Nbd7
9.Rc1 Nxe5 10.dxe5 Nd7 11.f4 Bc5 12.Bd3 Qb6 13.Qf3 Bb7 14.Ne2 b4 15.O-O O-O
16.Kh1 g6 17.g4 f6 18.exf6 Rxf6 19.Qg3 Bxe3 20.Bxe3 d4+ 21.Kg1 dxe3 22.Rc4 Raf8
23.Rfc1 e5 24.f5 Rd6 25.Bb1 Rd2 26.Kf1 Rd8 27.fxg6 hxg6 28.R4c2 Nf6 29.Rxd2 exd2
30.Rd1 Nxg4  0-1

[Event "Budapest FS11 IM-A"]
[Site "Budapest"]
[Date "1994.??.??"]
[Round "7"]
[White "Peter, Ambrus"]
[Black "Lehmann, Heinz Dr"]
[Result "1/2-1/2"]
[WhiteElo "2315"]
[BlackElo "2290"]

1.d4 d5 2.Nf3 Nf6 3.c4 c6 4.Nc3 a6 5.c5 b6 6.cxb6 Qxb6 7.g3 e6 8.Bg2 Nbd7
9.O-O Bd6 10.Qc2 O-O 11.Be3 Bb7 12.Na4 Qc7 13.Rac1 Rfc8 14.Ne1 a5 15.Nd3 Ba6
16.Rfe1 h5 17.Nac5 Ng4 18.Bf4 h4 19.Bxd6 Qxd6 20.Nxd7 Bxd3 21.Qxd3 Qxd7 22.gxh4 Qe7
23.Qg3 Nh6 24.Bh3 Rab8 25.b3 Qb4 26.e3 c5 27.dxc5 Rxc5 28.Rxc5 Qxe1+ 29.Kg2 Ra8
30.Rc7 Qb4 31.Qe5 Re8 32.Qc3 Qe4+ 33.f3 Qxh4 34.Ra7 Qg5+ 35.Kh1 Qh4 36.Kg2 Qg5+
37.Kh1 Qh4 38.Kg2  1/2-1/2

[Event "Budapest FS10 IM-B"]
[Site "Budapest"]
[Date "1994.??.??"]
[Round "8"]
[White "Krizsany, Laszlo"]
[Black "Backelin, Rikard"]
[Result "1-0"]
[WhiteElo "2395"]
[BlackElo "2290"]

1.d4 d5 2.c4 c6 3.Nc3 Nf6 4.Nf3 a6 5.c5 g6 6.Bf4 Bg7 7.h3 O-O 8.e3 Nfd7 9.Be2 e5
10.Nxe5 Nxe5 11.Bxe5 Bxe5 12.dxe5 Qg5 13.h4 Qxe5 14.Qd4 Nd7 15.O-O-O Qxd4
16.exd4 b6 17.cxb6 Rb8 18.b3 Rxb6 19.Kb2 Re8 20.Rd2 Nf6 21.Bd3 Rb4 22.Bb1 Nd7
23.Rc1 Nb8 24.Na4 Rb7 25.Bd3 Rbe7 26.Nc5 Kg7 27.Kc3 h6 28.Kb4 Kf6 29.Ka5 g5
30.hxg5+ Kxg5 31.a4 h5 32.g3 f5 33.Rh1 Nd7 34.Nxd7 Rxd7 35.Re2 Rh8 36.b4 Rf7
37.Rc1 Bb7 38.Rh1 Bc8 39.Re5 Kg4 40.Be2+ Kg5 41.Kb6 Rb7+ 42.Kc5 a5 43.bxa5 Ra7
44.f4+ Kg6 45.Re8 Rxe8 46.Bxh5+ Kg7 47.Bxe8 Rxa5+ 48.Kb4 Ra6 49.a5 Bb7 50.Bd7 Kg6
51.Re1 c5+ 52.dxc5 d4 53.Re6+  1-0